| 000 | 00923pam a2200289 a 4500 | ||
|---|---|---|---|
| 001 | 015357489 | ||
| 003 | OSt | ||
| 005 | 20141106153921.0 | ||
| 008 | 090811t2010 xxua grd 001 0 eng d | ||
| 020 | _a9781439039038 (pbk.) | ||
| 020 | _a1439039038 (pbk.) | ||
| 040 |
_aStDuBDS _beng _cStDuBDS _dUk _dEG-ScBUE |
||
| 082 | 0 | 0 |
_a332.024 _222 _bGAR |
| 100 | 1 |
_aGarman, E. Thomas _936464 |
|
| 245 | 1 | 0 |
_aPersonal finance / _cE. Thomas Garman, Raymond E. Forgue. |
| 250 |
_a10th ed., _binternational ed. |
||
| 260 |
_aMason, United States : _bSouth-Western Cengage Learning, _cc.2010. |
||
| 300 |
_a[Various pagings] : _bill. (col.) ; _c28 cm. |
||
| 500 | _aIncludes index. | ||
| 500 | _aIncludes appendixes. | ||
| 500 | _aIncludes glossary. | ||
| 650 | 0 |
_aFinance, Personal _922964 |
|
| 653 |
_bBUSADM _cNovember2014 |
||
| 655 |
_vreading book _934232 |
||
| 700 | 1 |
_aForgue, Raymond E. _936465 |
|
| 942 |
_2ddc _k332.024 GAR |
||
| 999 |
_c18560 _d18532 |
||